000 00733nam a2200253Ia 4500
005 20260630105755.0
008 131103s9999 xx 000 0 und d
020 _a826477917
_cRs 175
040 _aLoreto College
041 _aEnglish
082 _a320.5
_bMAR-FRO
100 _aFromm, Erich
245 _aMarx's concept of man
_b With a translation from Marx's Economic and philosophical manuscripts by T.B.Bottomore
_cErich Fromm
260 _aLondon, New York
_bContinuum
_c2004
300 _axii,206p
504 _aFirst South Asian Edition 2005
630 _aEconomics
630 _aPhilosophy
650 _aPolitics
651 _aMarx, Karl
700 _aBottomore, T.B.trans
850 _aLCLIB
942 _cBK
999 _c11241
_d61720